ბათუმის შოთა რუსთაველის სახელმწიფო უნივერსიტეტის ბიბლიოთეკა

დეტალის დამუშავების ოპერაციული ტექნოლოგიური პროცესის დაპროექტება : (ბიბ.ჩანაწერი № 56940)

000 -ლიდერი
ფიქსირებული სიგრძის საკონტროლო ველი 01009nam a22001817a 4500
003 - საკონტროლო ნომრის იდენტიფიკატორი
საკონტროლო ველი Ge_BSU
005 - ბოლო ოპერაციის თარიღი და დრო
საკონტროლო ველი 20190628202333.0
008 - ფიქსირებული სიგრძის მონაცემთა ელემენტები - ზოგადი ინფორმაცია
ფიქსირებული სიგრძის საკონტროლო ველი 190628s1983 ||||| |||| 00| 0 geo d
041 ## - ენის კოდი
Language code of text/sound track or separate title geo
080 ## - უნივერსალური ათობითი კლასიფიკაციის ინდექსი
Universal Decimal Classification number 621.7 (075.8) დ-22
100 ## - მთავარი ჩანაწერი - პიროვნების სახელი
Personal name დარისპანაშვილი, გ
9 (RLIN) 3110
245 ## - ცნობა სათაურის შესახებ
Title დეტალის დამუშავების ოპერაციული ტექნოლოგიური პროცესის დაპროექტება :
Remainder of title დამხმარე სახელმძღვ. /
Statement of responsibility, etc გ. დარისპანაშვილი.
264 ## - წარმოების, გამოცემის, დისტრიბუციის და სხვა ცნობები
გამოცემის, წარმოების, დისტრიბუციის... ადგილი თბილისი :
გამოცემის, წარმოების, დისტრიბუციის... სახელწოდება სპი,
გამოცემის, წარმოების, დისტრიბუციის... თარიღი 1983.
300 ## - ფიზიკური აღწერა
Extent 100 გვ .:
Other physical details დანართები ;
Dimensions 20 სმ.
504 ## - BIBLIOGRAPHY, ETC. NOTE
Bibliography, etc ბიბლიოგრაფ. გვ: 98
653 ## - INDEX TERM--UNCONTROLLED
Uncontrolled term დეტალის დამუშავების ოპერაციული ტექნოლოგიური პროცესის დაპროექტება
942 ## - ADDED ENTRY ELEMENTS (KOHA)
Source of classification or shelving scheme
Koha item type წიგნი
ეგზემპლარები
ჩამოწერის სტატუსი დაკარგული ეგზემპლარის სტატუსი კლასიფიკაციის წყარო ან თაროზე გაწყობის სქემა დაზიანების სტატუსი არ გაიცემა მუდმივი მდებარეობა (დაცვის ადგილი) ამჟამინდელი ადგილსამყოფელი თაროზე განთავსების ადგილი შეძენის თარიღი ღირებულება, შესყიდვის ნორმალური ფასი სრული შენახვის შიფრი შტრიხკოდი ბოლო ოპერაციის თარიღი ეგზემპლარის მიმდევრობითი ნომერი (კეტერი?) ფასის ძალაში შესვლის თარიღი ეგზემპლარის სახეობა საჯარო შენიშვნა
          ტექნოლოგიური ფაკულტეტის ბიბლიოთეკა ტექნოლოგიური ფაკულტეტის ბიბლიოთეკა წიგნსაცავი 2019-06-28 1.00 621.7 (075.8) დ-22 11134 2019-06-28 11134 2019-06-28 წიგნი 1 ლ. 80 თ.
          ტექნოლოგიური ფაკულტეტის ბიბლიოთეკა ტექნოლოგიური ფაკულტეტის ბიბლიოთეკა წიგნსაცავი 2019-06-28 1.00 621.7 (075.8) დ-22 11135 2019-06-28 11135 2019-06-28 წიგნი 1ლ. 80 თ.
          ტექნოლოგიური ფაკულტეტის ბიბლიოთეკა ტექნოლოგიური ფაკულტეტის ბიბლიოთეკა წიგნსაცავი 2019-06-28 1.00 621.7 (075.8) დ-22 11136 2019-06-28 11136 2019-06-28 წიგნი 1 ლ. 80 თ.